| 000 | 00354nam a2200145Ia 4500 | ||
|---|---|---|---|
| 005 | 20260328104343.0 | ||
| 008 | 260328s9999||||xx |||||||||||||| ||und|| | ||
| 100 | _aMcCormick, Kes | ||
| 245 | 0 |
_aUrban Nature / _cKes McCormick |
|
| 250 | _a5a ed. | ||
| 260 | _bCambridge University Press | ||
| 300 | _a205 p. | ||
| 650 | _aARQUITECTURA | ||
| 942 | _cBK | ||
| 999 |
_c12203 _d12203 |
||